| 000 | 00353cam a22001217a 4500 | ||
|---|---|---|---|
| 008 | 180718b1986 xxu||||| |||| 00| 0 eng d | ||
| 082 | _aU6x54 Sa69 | ||
| 245 |
_aManagement of public sector enterprise in India _cedited by R.K. Sapru |
||
| 260 |
_aDelhi _bAshish _c1986 |
||
| 300 | _a2v. | ||
| 650 | _aGovernment enterprises - India | ||
| 700 | _aSapru, R.K. | ||
| 999 |
_c353382 _d353382 |
||